00361nam a2200121Ia 4500008004100000024003200041082001700073100004100090245002400131260002500155600002100180650003800201250506s9999 xx 000 0 und d a12B -009-BS & 12B-16-BS a005.1072 ALI aAlistair Santamaria & Zaid Bin Haziq 0aUniversity Explorer aKarachi:bUIT,c2012 aComputer Science aBachelor of Computer Science (BS)